000 00482nam a2200181Ia 4500
001 24334
005 20260414151036.0
008 260414t2021||||xx |||||||||||||| ||spa||
041 _aESP
082 _a345.3
_bT16
100 _aTalavera Elguera, Pablo
_eAUT
245 0 _aLa búsqueda de las fuentes de prueba y restricción de derechos fundamentales
_b
260 _c2021
300 _a430 páginas :
_c25 cm.
650 _aDER
654 _aCDE
942 _cLIB
_dJUS
_fJUS
_2ddc
_n
999 _c24334
_d24334